| 000 | 00505nam a22001937a 4500 | ||
|---|---|---|---|
| 003 | OSt | ||
| 005 | 20160330125428.0 | ||
| 008 | 160330b xxu||||| |||| 00| 0 eng d | ||
| 020 | _a0421912308 | ||
| 040 | _cDDC. | ||
| 082 | _a026.34 COM 2005 | ||
| 100 |
_aSweet;Maxwell; _97460 |
||
| 245 |
_aThe Common Law of Library; _bChitty on Contracts. |
||
| 250 | _a29th ed | ||
| 260 |
_aLondon. _bSweet&Maxwell; _c2005 |
||
| 300 |
_axlviii,300p; _bIll; _c24cm |
||
| 650 |
_aLibrary Law _97461 |
||
| 942 |
_2ddc _cSLOAN |
||
| 999 |
_c3333 _d3333 |
||